000 00708nam a2200205Ia 4500
003 GCL
008 140319s9999 xx 000 0 ara d
020 _a2140345977
040 _aGCL /
_cGCL
082 0 4 _a004.678
_bف ع
100 1 _aفيليبس، ديفيد
245 1 0 _aالعلاقات العامة عبر الانترنت :
_bONLINE PUBLIC RELATIONS /
_cفيليبس، ديفيد
250 _aالثانية
260 _aالقاهرة :
_bدار الفاروق للنشر والتوزيع ،
_c2006
300 _a160 ص ؛
_c24 سم
650 0 4 _aشبكات المعلومات
650 0 4 _aالإنترنت
650 0 4 _aالإنترنت - العلاقات العامة
942 _2ddc
_cBK
999 _c8277
_d8277